000
00260nam a2200097Ia 4500
008
200302s9999 xx 000 0 und d
100
_a
Chintaman Hari Khadilkar
245
_a
The art of Designing Part 2
260
_b
Prabhawati Chintaman Khadilkar
300
_a
164 P.,
999
_c
238
_d
238